000 00277nam a22001337a 4500
008 170713b xxu||||| |||| 00| 0 eng d
020 _a2900205672362
041 _aeng
080 _a17
100 _a24
101 _aFIL
245 _aETHICS
_cTHIROUX, J.P
942 _2udc
_cBK
999 _c20487
_d20487